The Compound Game Quiz Stats

 Plays Quiz Updated Sep 28, 2018

Score 0/24 Timer 06:00
0 Plays Today
Hint Word % Correct
plant growing buildinggreenhouse
92%
choreshousework
73.7%
tennis strokebackhand
71.8%
avid readerbookworm
70.8%
hospital mobility devicewheelchair
70.7%
mustache typehandlebar
69.2%
committee headchairman
66.5%
mixologistbartender
65.7%
laptop computernotebook
64.5%
page end citationfootnote
63.9%
instrument typewoodwind
60.6%
brush materialhorsehair
56.5%
Hint Word % Correct
tireless employeeworkhorse
55.6%
beat upmanhandle
55.1%
tight bendhairpin
54.5%
prettyhandsome
54%
unexpected moneywindfall
52.5%
bitter herbwormwood
50.7%
to a limited extentsomewhat
50.4%
not deciduousevergreen
49.7%
ya know, like...whatever
49.6%
children's spinnerpinwheel
48.9%
novicetenderfoot
48.1%
contingency planfallback
47.1%

You're not logged in!

Compare scores with friends on all Sporcle quizzes.
OR
Log In

Sporcle TV

Today on Sporcle TV


Watch our educational content, quiz creation guides, and fun videos on Sporcle TV.

Show Comments

Extras

Top Quizzes Today


Score Distribution

Your Account Isn't Verified!

In order to create a playlist on Sporcle, you need to verify the email address you used during registration. Go to your Sporcle Settings to finish the process.

Report this User

Report this user for behavior that violates our Community Guidelines.

Details: